| 000 | 00489cam a2200193 4500 | ||
|---|---|---|---|
| 001 | D3808 | ||
| 008 | 090401t1977 xxu||||| |||| 00| 0 eng d | ||
| 035 | _a(Sirsi) u75081 | ||
| 041 | _aeng | ||
| 050 | _a692.3 | ||
| 100 | _aFlanagan, Roger | ||
| 245 | _aSub-contracting attendance and programming | ||
| 260 |
_aLondon _bStandard Method of Measurement Developme _c1977 |
||
| 300 | _a8 leaves. 30cm | ||
| 350 | _a0 | ||
| 520 | _aFiled at SMMDU/17 | ||
| 942 | _n0 | ||
| 948 | _c04/03/1997 | ||
| 999 |
_c95957 _d95957 |
||